[Event "Canadian op"]
[Site "Kitchener"]
[Date "2006.07.23"]
[Round "9"]
[White "Sadoway, Steven"]
[Black "Chuprys, Viktor"]
[Result "1/2-1/2"]
[WhiteElo "2037"]
[BlackElo "1853"]
[PlyCount "47"]
[EventDate "2006.07.15"]
[EventType "swiss"]
[EventRounds "9"]
[EventCountry "CAN"]
[SourceTitle "CBM 113 Extra"]
[Source "ChessBase"]
[SourceDate "2006.09.14"]
[SourceVersion "1"]
[SourceVersionDate "2006.09.14"]
[SourceQuality "1"]

1. e4 e5 2. Nf3 Nc6 3. Bb5 a6 4. Bxc6 dxc6 5. 0-0 Qd6 6. d4 exd4 7. Nxd4 Ne7 8. Nc3 Bd7 9. f4 c5 10. Nb3 Nc6 11. Be3 Qxd1 12. Raxd1 b6 13. a4 0-0-0 14. Nd5 f6 15. a5 Nxa5 16. Nxa5 bxa5 17. c4 a4 18. Rd2 Bd6 19. Ra1 Rhe8 20. Nc3 Kb7 21. Rad1 Bc6 22. Bf2 Ra8 23. Re2 Bxf4 24. Bxc5 1/2-1/2

[Event "Toronto Anderson Memorial"]
[Site "Toronto"]
[Date "2002.12.02"]
[Round "9"]
[White "Chuprys, Viktor"]
[Black "Veltmann, Martin"]
[Result "0-1"]
[WhiteElo "1908"]
[BlackElo "2083"]
[PlyCount "70"]
[EventDate "2002.09.23"]
[EventType "tourn"]
[EventRounds "9"]
[EventCountry "CAN"]
[SourceTitle "EXT 2022"]
[Source "ChessBase"]
[SourceDate "2021.10.06"]
[SourceVersion "1"]
[SourceVersionDate "2021.10.06"]
[SourceQuality "1"]

1. e4 c5 2. Nf3 d6 3. d4 cxd4 4. Nxd4 Nf6 5. Nc3 a6 6. Rg1 e5 7. Nb3 Be7 8. g4 Be6 9. g5 Nfd7 10. Be3 Nc6 11. Qh5 Nf8 12. 0-0-0 Ng6 13. Nc5 Qa5 14. Nxe6 fxe6 15. Bc4 Nd4 16. Bxd4 exd4 17. Ne2 Kd7 18. Qg4 Qe5 19. Rxd4 Rhf8 20. Rd5 Qxh2 21. Rgd1 Nf4 22. R5d2 Nxe2+ 23. Bxe2 Qe5 24. Kb1 Rf4 25. Qh3 Rxe4 26. Bd3 Re1 27. f4 Rxd1+ 28. Rxd1 Qxf4 29. Re1 Re8 30. Qxe6+ Kc7 31. Bf5 Qa4 32. Bxh7 Qd7 33. Qf7 Kd8 34. Bf5 Qb5 35. Qxg7 Qxf5 0-1